Previous years solved papers: bank clerical recruitment exams (Record no. 215357)

MARC details
000 -LEADER
fixed length control field 00519nam a2200169Ia 4500
008 - FIXED-LENGTH DATA ELEMENTS--GENERAL INFORMATION
fixed length control field 210719s2011 xx 000 0 und d
041 ## - LANGUAGE CODE
Language code of text/sound track or separate title eng
082 ## - DEWEY DECIMAL CLASSIFICATION NUMBER
Classification number 332.02 KUMP
100 ## - MAIN ENTRY--PERSONAL NAME
Personal name KUMARS
245 ## - TITLE STATEMENT
Title Previous years solved papers: bank clerical recruitment exams
260 ## - PUBLICATION, DISTRIBUTION, ETC.
Place of publication, distribution, etc. New Delhi
Name of publisher, distributor, etc. Vee Kumar Publications Pvt. Ltd.
Date of publication, distribution, etc. 2011
300 ## - PHYSICAL DESCRIPTION
Extent 196
Other physical details PB
365 ## - TRADE PRICE
Price amount 95
Currency code Rs
650 ## - SUBJECT ADDED ENTRY--TOPICAL TERM
Topical term or geographic name entry element Bank entrance
650 ## - SUBJECT ADDED ENTRY--TOPICAL TERM
Topical term or geographic name entry element Banking
906 ## - LOCAL DATA ELEMENT F, LDF (RLIN)
a bank ; clerical ; exams ; papers: ; Previous ; recruitment ; solved ; years
Holdings
Withdrawn status Lost status Damaged status Not for loan Collection code Home library Current library Date acquired Source of acquisition Cost, normal purchase price Total Checkouts Full call number Barcode Date last seen Price effective from Koha item type
          St Aloysius Library St Aloysius Library 12/03/2011 School Book Company, Mangalore | General Annual 95.00   332.02 KUMP D03989 07/19/2021 07/19/2021 Donated Books